LEADER 01223nam a2200217 i 4500 001 000000183104 003 CaOOAMICUS 005 20091105000000.0 008 091105s1931 it u000 u fre u 013 $a161066 040 $aSeMil$bita 100 1 $aUnion Internationale d'Études Sociales.$0(OLS)http://semarc/name/67437 245 13$aLa Hiérarchie catholique et le problème social depuis l'encyclique «Rerum Novarum» 1891-1931 :$bRépertoire Bibliographique, des documents emanés, des souverains pontifes et de l'Episcopat /$cUnion Internationale d'Études Sociales. 260 $a[S.l.] :$bSpes,$c1931. 300 $aXVI, 336 p. ;$c22 cm. 500 $aContiene : Table géographique. 650 4$aLeone XIII - Encicliche . Rerum novarum.$0(OLS)http://semarc/subject/10433 850 $aSeMil 852 $aSeMil$W1$xVenegono$y1$m3E III 55$j133808$B133808$CSeMilBibl$Z2$F145523 $81 996 $6245$aLa Hiérarchie catholique et le problème social depuis l'encyclique «Rerum Novarum» 1891-1931 :$bRépertoire Bibliographique, des documents emanés, des souverains pontifes et de l'Episcopat$9(OLS)http://semarc/title/262792 996 $6260$a[S.l.] :$bSpes$9(OLS)http://semarc/publisher/41346 LEADER 01305nam a2200265 i 4500 001 000000107567 003 CaOOAMICUS 005 20220928122216.0 008 040802s1995 it u000 u ita u 013 $a79838 040 $aSeMil$bita 110 0 $aAssociazione Arte e Spiritualità.$0(OLS)http://semarc/name/45281 245 13$aLa scultura /$cCollezione d'Arte Contemporanea, Associazione Arte e Spiritualità, Brescia ; a cura di Cecilia De Carli. 260 $aBrescia :$bAssociazione Arte e Spiritualità,$ccopyr. 1995. 300 $a254 p. :$briccamente ill. ;$c28 cm 500 $aContiene : Appendice ; Bibliografia generale. 650 4$aBrescia - Associazione arte e spiritualità - Collezioni.$0(OLS)http://semarc/subject/18909 650 4$aScultura - Sec. 20. - Collezioni - Brescia - Associazione arte e spiritualità.$0(OLS)http://semarc/subject/18911 700 1 $aDe Carli, Cecilia,$d<1948- >.$0(OLS)http://semarc/name/20610 850 $aSeMil 852 $aSeMil$W1$xVenegono$y1$m5Q VII 14$j220552$B63663$CSeMilBibl$Z2$F85284 $8I 961 $aOmaggio: Citterio Ecc. Bernardo 996 $6245$aLa scultura$9(OLS)http://semarc/title/18764 996 $6260$aBrescia :$bAssociazione Arte e Spiritualità$9(OLS)http://semarc/publisher/35284